<?xml version="1.0" encoding="UTF-8"?><?xml-stylesheet type="text/xsl" href="static/style.xsl"?><OAI-PMH xmlns="http://www.openarchives.org/OAI/2.0/" xmlns:xsi="http://www.w3.org/2001/XMLSchema-instance" xsi:schemaLocation="http://www.openarchives.org/OAI/2.0/ http://www.openarchives.org/OAI/2.0/OAI-PMH.xsd"><responseDate>2026-04-28T20:56:22Z</responseDate><request verb="GetRecord" identifier="oai:uvadoc.uva.es:10324/51166" metadataPrefix="marc">https://uvadoc.uva.es/oai/request</request><GetRecord><record><header><identifier>oai:uvadoc.uva.es:10324/51166</identifier><datestamp>2022-02-07T10:33:11Z</datestamp><setSpec>com_10324_1154</setSpec><setSpec>com_10324_931</setSpec><setSpec>com_10324_894</setSpec><setSpec>col_10324_1290</setSpec></header><metadata><record xmlns="http://www.loc.gov/MARC21/slim" xmlns:doc="http://www.lyncode.com/xoai" xmlns:xsi="http://www.w3.org/2001/XMLSchema-instance" xmlns:dcterms="http://purl.org/dc/terms/" xsi:schemaLocation="http://www.loc.gov/MARC21/slim http://www.loc.gov/standards/marcxml/schema/MARC21slim.xsd">
<leader>00925njm 22002777a 4500</leader>
<datafield tag="042" ind1=" " ind2=" ">
<subfield code="a">dc</subfield>
</datafield>
<datafield tag="720" ind1=" " ind2=" ">
<subfield code="a">Sáez Hidalgo, Ana</subfield>
<subfield code="e">author</subfield>
</datafield>
<datafield tag="720" ind1=" " ind2=" ">
<subfield code="a">Filardo Llamas, Laura</subfield>
<subfield code="e">author</subfield>
</datafield>
<datafield tag="260" ind1=" " ind2=" ">
<subfield code="c">2014</subfield>
</datafield>
<datafield tag="520" ind1=" " ind2=" ">
<subfield code="a">Given the four elements involved in having a communicative competence, it could be argued that learning a L2 does not only involve overcoming linguistic differences, but also cultural ones. Following a double conceptualization of “culture”, we will show our experience as teachers of History of the English Language (HEL), and the potential usefulness of the diachronic axis in developing the critical intercultural awareness needed to master a foreign language. This wider cultural approach results in a more accurate linguistic intuition in the L2, which is a consequence of the critical intercultural spirit developed by the students.</subfield>
</datafield>
<datafield tag="024" ind2=" " ind1="8">
<subfield code="a">Journal of English Studies, 2014, vol. 12, p. 127-147</subfield>
</datafield>
<datafield tag="024" ind2=" " ind1="8">
<subfield code="a">1576-6357</subfield>
</datafield>
<datafield tag="024" ind2=" " ind1="8">
<subfield code="a">https://uvadoc.uva.es/handle/10324/51166</subfield>
</datafield>
<datafield tag="024" ind2=" " ind1="8">
<subfield code="a">127</subfield>
</datafield>
<datafield tag="024" ind2=" " ind1="8">
<subfield code="a">147</subfield>
</datafield>
<datafield tag="024" ind2=" " ind1="8">
<subfield code="a">Journal of English Studies</subfield>
</datafield>
<datafield tag="024" ind2=" " ind1="8">
<subfield code="a">12</subfield>
</datafield>
<datafield ind1=" " ind2=" " tag="653">
<subfield code="a">Educación intercultural</subfield>
</datafield>
<datafield ind1=" " ind2=" " tag="653">
<subfield code="a">Inglés (Lengua) -  Historia</subfield>
</datafield>
<datafield ind1=" " ind2=" " tag="653">
<subfield code="a">Inglés (Lengua) - Estudio y enseñanza</subfield>
</datafield>
<datafield tag="245" ind1="0" ind2="0">
<subfield code="a">3D in history of the English language: Learning a L2 through history, context and cross-cultural experiences</subfield>
</datafield>
</record></metadata></record></GetRecord></OAI-PMH>